000 01402 a2200385 4500
001 28593
005 20260407155557.0
008 260407a2014 arg spa d
003 AR-UNSa-BCEJYS
040 _aAR-UNSa-BCEJYS
_bspa
_cAR-UNSa-BCEJYS
080 _a94(826.7)
_xHistoria de Salta
245 1 0 _aHistoria y memoria de un pueblo
_pla gente y los oficios en Cafayate a lo largo del siglo XX
264 1 _aSalta :
_bUniversidad Nacional de Salta
_c2014
300 _a101 p.
_c21 cm.
505 _a1. Tierra y agua - 2. Hierro y madera - 3. Entre agujas, hilos, gajos y telares - 4. En el camino... - 5. De medicina y otros yuyos - 6. Política, trabajo y protesta - 7. El sistema de parcelas
041 _aspa
942 _cBK
590 _aniveau_biblio:m niveau_hierar:0
100 1 _aCaretta, Gabriela
700 1 _aZacca, Isabel
700 1 _aMedina, Federico
700 1 _aKurril, Lilia
700 1 _aGarcía, Eugenia
700 1 _aHoyos, Ana Lía
700 1 _aHernández, Yanina
700 1 _aArmata, Vanina
700 1 _aMorales Miy, Anahí
700 1 _aVega Altube, Tatiana
700 1 _aAbud, Ramiro
700 1 _aCepeda Rivero, Marcos David
700 1 _aNuñes, Andrés
650 _aCAFAYATE
856 4 1 _uhttps://biblioeco.unsa.edu.ar/pmb/images/libros/Historia y Memoria de un Pueblo-l125024.jpg
_yImagen de portada
_qimage/jpeg
650 _a cafayate
999 _c1728
_d1728